000 01364nam a2200361 i 4500
003 EG-GICUC
005 20260121101506.0
008 251215s2001 ua ||||fr|||| 000 0 ara d
017 _a2001/13924
020 _a977-04-3547-3
040 _a EG-GICUC
_bara
_c EG-GICUC
_d EG-GICUC
_erda
041 _aara
082 0 4 _221
_a343.54
_bع ب . م
092 0 4 _221
099 _aLaw1 10 343.54 ع ب . م 1 ed 2001
100 0 _aعبدالفتاح محمد سراج
_eمؤلف.
245 1 0 _aمبدأ لتكامل في القضاء الجنائي الولي :
_bدراسة تحليلية تأصيلية /
_cعبدالفتاح محمد سراج.
250 _aالطبعة الاولى
264 1 _aالقاهرة :
_bدار الهضة العربية,
_c2001.
300 _a153 صفحة ؛
_c24 سم
336 _2rda content
_atext
337 _2rda media
_aComputer
338 _2rda carrier
_aOnline Resource
504 _a. 149-142ببليوجرافيا: صفحات.
546 _aالنص باللغة العربية
650 1 4 _aالقضاء اجنائي الدولي
_2qrmak
650 1 4 _aالحصانات فى القانون الجنائي
_2qrmak
650 1 4 _aالمسئولية الجنائية
651 1 _2qrmak
856 4 0 _uhttps://fll.law.cu.edu.eg/fulltext/bks/B10-07124.pdf
905 _a79
_eHassnaa
942 _2ddc
_cBK
_e21
_n0
999 _c50622
_d50622